[Event "SuperConstellation_Turbostar432KSO"]
[Site "?"]
[Date "2019.05.23"]
[Round "23"]
[White "Super Constellation"]
[Black "Turbostar 432 KSO"]
[Result "1-0"]
[WhiteElo "1819"]
[BlackElo "1807"]
[Annotator "Utzinger,K"]
[PlyCount "129"]
[EventDate "2019.??.??"]

1. e4 c5 {Match 120'/40 | 23. Partie | ECO B86: Sizilianisch (Sosin-Angriff) |
Weiss gewinnt | Zwischenstand: 13,5 : 9,5 (+9 -5 =9) für den Super
Constellation | Der Turbostar 432 KSO behandelt das Mittelspiel leichtfertig
und hätte nach einem verfehlten Damentausch einfach einen Bauern verlieren
müssen. Der gnädige Gegner gibt sich jedoch mit einem gleichwertigen
Endspiel zufrieden. Ein nicht offensichtlicher Fehler des Turbostar 432 KSO
wendet dann doch noch das Blatt. Der Super Constellation erobert den schwarzen
a6-Bauern und bald einmal erweist sich der freie weisse a-Bauer als tödlich.}
2. Nf3 d6 3. d4 cxd4 4. Nxd4 Nf6 5. Nc3 e6 {***ENDE BUCH***} 6. Bc4 {***ENDE
BUCH***} e5 $6 {Kein starker Spieler würde so agieren und den Tempoverlust in
Kauf nehmen, seinen e-Bauer in zwei Schritten nach e5 zu führen.} 7. Nf3 Be7
8. O-O Nc6 9. Qe2 Bg4 {droht lästig ...Sd4} 10. Qe3 O-O 11. h3 Bxf3 $6 {
Fragwürdig, denn der sich auf d4 setzende schwarze Springer kann sich dort
nicht halten. Auch gibt Schwarz das Läuferpaar auf. Besser geschah 11...Le6,
was um den wichtigen Punkt d5 kämpft.} 12. Qxf3 Nd4 13. Qd3 Qb6 {Besser 13...
Tc8} 14. b3 (14. Nd5 Nxd5 15. Bxd5 $16 {mit deutlichem Vorteil für Weiss})
14... Qb4 $2 {Ein unglückliches und unverständliches Damenmanöver.} 15. Bd2
Qc5 16. Be3 {droht Sb5} a6 17. Bxd4 $2 {Hier ist 17.a4 deutlich stärker} (17.
a4 {gewinnt einfach den Bauern d4 nach späterem Tad1 oder Tfd1}) 17... Qxd4
18. Nd5 Nxd5 19. Qxd4 $6 exd4 20. Bxd5 Rab8 21. f4 Rfc8 22. Rac1 Bh4 23. a3 Kf8
24. Rf3 Rc3 25. Kf1 $2 {Falsch, weil Weiss nach Turmtausch wieder deutlich in
Vorteil gekommen wäre. Entweder geht der Bauer c3 verloren oder Schwarz kommt
mit seinen weissfeldrigen Bauern am Damenflügel in Trubel.} Rxf3+ 26. gxf3 $11
{Das Spiel hat sich zum Ausgleich verflacht.} Bg3 27. f5 Ke7 28. Rd1 Be5 29. f4
(29. a4 $1) 29... Bxf4 30. Rxd4 b5 31. c4 (31. Ke2 $1) 31... b4 32. a4 Kf6 ({
Nach} 32... a5 $1 {hat Weiss gar nichts mehr}) 33. Kf2 Ke5 $6 {Hier hat der
König nichts verloren. Des Feld e5 sollte dem Läufer vorbehalten bleiben.} (
33... a5 $1 $15) (33... g5 $15) 34. Rd3 g6 35. fxg6 fxg6 36. Bc6 Bc1 37. Rd5+
Ke6 38. Ra5 Rb6 39. Bd5+ Ke5 40. Bg8+ Kf6 41. Kf3 (41. Bxh7 $4 {geht nicht} Kg7
$19) 41... Bb2 42. Kf4 h5 43. Bd5 Bd4 44. Kg3 g5 45. Kh2 h4 46. Kg2 Be3 47. Kf3
Bc5 48. Kg4 Bd4 49. Ba8 Be5 50. Kh5 Bf4 $2 {Ein für den Turbostar 432 KSO
nicht erkennbarer Verlustzug.} (50... Rb8 {ergibt Ausgleich, denn Weiss darf
den Bauern a6 nicht schlagen} 51. Rxa6 $2 (51. Bd5 {hält die Stellung}) 51...
Rh8+ 52. Kg4 Kg6 {droht ...Tf8+ und aus für Weiss} 53. Kf3 Rf8+ 54. Kg2 g4 $1
{ein Kracher} 55. hxg4 $2 {erlaubt einen Mattangriff} h3+ 56. Kg1 h2+ 57. Kg2
Rf1 $1 58. Kxf1 h1=Q+ 59. Kf2 Qd1 60. Bd5 Bd4+ 61. Kg2 Qg1+ 62. Kh3 Kg5 63. a5
Qf1+ 64. Kg3 Be5#) 51. Rf5+ Ke7 52. Bd5 Kd8 53. Rf7 (53. a5 {gewinnt einfach})
53... Be3 (53... a5 {leistet stärkeren, auch wenn ungenügend Widerstand}) 54.
a5 {Legt den Bauern a6 als Schwäche fest, die bald erobert wird, wonach der
weisse Freibauer auf der a-Linie durchmarschiert.} Rb8 55. Bb7 $18 Ke8 56. Kg6
(56. Rh7 {ist wegen der Drohung Th8 noch stärker}) 56... Bc1 57. Bxa6 (57. Rh7
$1) 57... Kd8 58. Bb5 Be3 59. a6 g4 {pure Verzweiflung} 60. hxg4 d5 61. exd5
Rb6+ 62. Kf5 Rh6 63. Ke4 Bc5 64. a7 Bxa7 65. Rxa7 1-0

[Event "SuperConstellation_Turbostar432KSO"]
[Site "?"]
[Date "2019.05.24"]
[Round "24"]
[White "Turbostar 432 KSO"]
[Black "Super Constellation"]
[Result "1/2-1/2"]
[WhiteElo "1807"]
[BlackElo "1819"]
[Annotator "Utzinger,K"]
[PlyCount "167"]
[EventDate "2019.??.??"]

1. d4 Nf6 {Match 120'/40 | 24. Partie | ECO D85: Grünfeldindisch 
(Abtauschvariante) | Remis | Zwischenstand: 14 : 10 (+9 -5 =10) für den Super
Constellation | Im komplizierten Zentrumskampf der Grünfeldindischen
Verteidigung werden die Programme (zu) früh aus dem Buch entlassen und sind
deshalb unfähig, die strategisch richtigen Entscheide zu fällen. Das hätte
dem Turbostar 432 KSO erlaubt, den Gewinn im Mittelspiel zu erzwingen. Das
selektive Programm von Julio Kaplan scheitert jedoch an dieser Aufgabe und
schliesslich entsteht ein ausgeglichenes Turmendspiel. Dort gibt es ein Up und
Down zwischen Weiss verliert, Schwarz verpasst den Gewinn und Weiss macht
Remis, was dann am Ende auch eintritt.} 2. c4 g6 3. Nc3 d5 4. Nf3 Bg7 5. cxd5
Nxd5 6. e4 Nxc3 7. bxc3 {***ENDE BUCH***} O-O {***ENDE BUCH***} 8. Bc4 Nd7 {
Ein zu passiver Aufbau.} (8... c5 9. O-O Nc6 10. Be3 Bg4 11. Bd5 Rc8 12. Rb1
cxd4 13. cxd4 Qd7 14. h3 Bxf3 15. Qxf3 e6 16. Bxc6 Rxc6 17. Rfd1 Rc2 18. d5 b6
19. d6 Rfc8 20. a4 R2c6 21. Qg3 e5 22. a5 bxa5 23. Qg4 f5 24. exf5 gxf5 25. Qa4
Rd8 26. Qxa5 {0-1 (26) Sevillano,E (2510)-Khachiyan,M (2505) Los Angeles 2009})
9. O-O Nb6 (9... c5 {ist natürlich besser}) 10. Bb3 Bd7 (10... Bg4 {war nun
die richtige Wahl}) 11. Qd3 (11. a4 $16 {hält den Vorteil fest}) 11... c5 $1 {
Der Super Constellation besinnt sich plötzlich auf einen guten Zug als
Antwort auf das lahme weisse Damenmanöver.} 12. dxc5 $6 {Führt zu einer
unschönen Zersplitterung der weissen Bauernstruktur. Stellungsgerecht sind: a)
12.Le3 oder b) 12.h3 oder c) 12.Td1} Na4 $11 13. Be3 Nxc3 $2 {Völlig verfehlt
und einem Verlustzug gleichkommend.} (13... Bc6 $11) 14. e5 Nb5 (14... Na4 {
ändert nicht viel nach} 15. Rad1 Bc6 16. Bxf7+ Kh8 17. Qc4 Qb8 18. Ng5 (18. e6
$5) 18... Qxe5 (18... Bxe5 19. Qh4 $18) 19. Bxg6 h6 (19... hxg6 20. Qh4+ Bh6
21. Qxh6+ Kg8 22. Qh7#) 20. Nf7+ Rxf7 21. Qxf7 $18 {und Weiss gewinnt}) 15.
Rad1 Bc6 16. Bxf7+ Kh8 17. Qxd8 {Selbst mit dieser Ungenauigkeit sichert sich
Weiss noch deutlichen Vorteil.} (17. Qc4 $18 {war auch hier der Gewinnzug})
17... Rfxd8 18. Rxd8+ Rxd8 19. Ng5 Rf8 (19... Bxe5 20. Bc4 $16) 20. Bb3 Nc3 21.
Ne6 Rc8 22. Nxg7 {Beseitigt den starken Läufer.} Kxg7 23. Bc4 $6 {Mit 23.f3
oder 23.e6 hätte Weiss die Beweglichkeit der eigenen Figuren erhöht und
diejenige von Schwarz eingeschränkt.} Bd5 24. Bxd5 Nxd5 $11 {Die
unentschlossene Spielweise von Weiss hat Schwarz den Ausgleich beschert. Der
weisse Mehrbauer ist nichts wert.} 25. Bd4 Nf4 {droht ...Se2+ nebst ...Sxd4}
26. Be3 (26. Kh1 Ne6 27. Be3 Nxc5 28. Rc1 b6 $11) 26... Nd5 27. Rc1 $6 {
Weicht der Zugwiederholung aus, überlässt jedoch Schwarz einen Vorteil.} Nxe3
28. fxe3 {Nun steht Weiss mit einer ramponierten Bauernstruktur und einer
leicht schlechteren Stellung da. Das Bauernendspiel wäre verloren.} Kf7 {
Interessanterweise scheint 28...b6 keinen entscheidenden Vorteil zu bringen.} (
28... b6 29. c6 Kf7 30. c7 Ke6 31. e4 Kd7 (31... Kxe5 32. Rc6 Kd4 33. Kf2 b5
34. Kf3 $11) 32. Rd1+ Kxc7 33. Kf2 Rd8 34. Rc1+ Kb7 35. Ke3 $11) 29. Rc3 $2 {
Das aber ist falsch, wonach Weiss wohl verlieren sollte. Keine Probleme hat
Weiss nach 29.Tb1 oder 29.a4} Ke6 $6 (29... b6 {sieht gewinnträchtig aus} 30.
Ra3 bxc5 31. Kf2 (31. Rxa7 c4 32. Rb7 c3 33. Rb1 Rd8 34. Rc1 Rd3 35. Kf2 Ke6
36. Ke2 Rd2+ 37. Kf3 c2 38. e4 Kxe5 39. a4 Kd4 40. a5 Kd3 41. a6 Rd1 42. a7
Rxc1 43. a8=Q Rf1+ 44. Kg3 c1=Q $19) 31... c4 32. Ke2) 30. Ra3 Rxc5 {Auch nach
dem besseren 30...a6 hat Schwarz nur geringfügig die besseren Chancen.} (30...
a6 31. Rb3 Rc7 32. Kf2 Kxe5 33. Rb6 Kd5 34. c6 $1 bxc6 35. Rxa6 c5 36. Ke2 Rb7
$15) 31. Rxa7 Rc7 32. Kf2 (32. Ra5 Rc2 $11) 32... Kxe5 33. Kf3 e6 34. Ra5+ Kd6
35. Rb5 Kc6 {Das Turmendspiel ist völlig ausgeglichen.} 36. Re5 Kd6 37. Rb5
Rf7+ 38. Ke4 Rf2 39. Rb6+ Kc7 40. Rxe6 Kd7 41. Rb6 Kc7 42. Re6 Kd8 {Weicht der
möglichen Zugwiederholung aus.} 43. Rd6+ Kc8 44. g3 Rxa2 45. h4 Rf2 46. h5
gxh5 47. Rh6 Rf7 48. Rxh5 Kc7 49. Rh6 Kd7 50. g4 Kc7 51. g5 b5 52. Ra6 Kb7 53.
Rf6 Rd7 54. Rh6 b4 55. Kf5 b3 56. e4 b2 57. Rh1 Rf7+ 58. Ke6 Rc7 59. Rb1 Rc2
60. Ke5 Rd2 61. Rh1 Kb6 62. Ke6 Kc5 63. e5 Kd4 $11 {Noch immer befindet sich
die Stellung im Gleichgewicht.} 64. Kf7 $4 {Ein schlimmer Fehler, der die
Partie verlieren sollte.} (64. Kf6 Rf2+ 65. Kg7 Kxe5 66. Kxh7 $11) 64... Kxe5
65. Kg7 Kd4 $2 {Verpatzt den Gewinn zum Remis. Dabei gab es gar zwei
entscheidende Fortsetzungen.} ({a)} 65... Rg2 66. Kxh7 Rxg5 67. Kh6 Rg8 68. Rb1
Rb8 $19) ({b)} 65... Rd7+ 66. Kh6 Rb7 67. Rb1 Ke4 68. Re1+ Kd3 69. Rg1 Kc2 70.
Rg2+ Kb3 71. Rg1 Ka2 72. Rg2 Ka1 $19) 66. Kf7 $4 {Der Turbostar 432 KSO ist
völlig von der Rolle. Es ist fast unverständlich, dass ein Schachprogramm
hier nicht den Bauern h7 schlägt.} (66. Kxh7 $11) 66... Kc3 67. Kg7 Rh2 $2 {
Und erneut vergibt der Super Constellation den möglichen Gewinn.} (67... Rd7+
68. Kg8 Kc2 69. Rh2+ Kb3 70. Rh1 Ka2 $19) 68. Rxh2 b1=Q 69. Rxh7 {Diese
Stellung ist nicht zu gewinnen und daher Remis.} Qf5 70. g6 Kd4 71. Kh6 Qf4+
72. Kh5 Ke5 73. Re7+ Kd6 74. Rf7 Qh2+ 75. Kg5 Qd2+ 76. Kf5 $2 {Danach sollte
Weiss verlieren. Der Königszug nach h5 hingegen genügt zum Remis. Das kann
der Turbostar 432 KSO aber bestimmt nicht erkennen.} Qd5+ 77. Kf4 Qh5 78. Rf6+
Ke7 79. Ra6 Qh4+ 80. Ke5 Qg5+ 81. Kd4 Qf4+ 82. Kd5 Qf3+ 83. Kc5 Qe3+ 84. Kc6 {
Als Remis abgeschätzt, denn beide Programme können dieses schwierige
Endspiel nicht gewinnen.} 1/2-1/2

[Event "SuperConstellation_Turbostar432KSO"]
[Site "?"]
[Date "2019.05.25"]
[Round "25"]
[White "Super Constellation"]
[Black "Turbostar 432 KSO"]
[Result "1-0"]
[WhiteElo "1819"]
[BlackElo "1807"]
[Annotator "Utzinger,K"]
[PlyCount "151"]
[EventDate "2019.??.??"]

1. e4 c6 {Match 120'/40 | 25. Partie | ECO D41: Damengambit (Verbesserte
Tarrasch-Verteidigung) | Weiss gewinnt | Zwischenstand: 15-10 (+10 -5 =10)
für den Super Constellation | Je ein schwacher Zentrumsbauer auf d4 und d5
prägten das Spiel nach beidseitig nicht optimalem Eröffnungsverlauf. Schnell
verflüchtigt sich der geringe schwarze Vorteil in den Ausgleich. Im
Mittelspiel hätte sich der Super Constellation mit für das Programm zu tief
liegenden Manövern deutlichen Vorteil und Gewinnchancen erarbeiten können.
Mit dem die Königsstellung schwächenden Bauernvorstoss h7-h6 schaufelte sich
der Turbostar 432 KSO aber doch noch sein Grab. In der Folge verpasste der
Super Constellation einige direkte und kombinatorische Gewinnwege, so dass die
Partie sich gar zu leichtem schwarzen Vorteil hätte wenden können. Doch der
Turbostar 432 KSO agiert zu ungenau, wonach sein Gegner plötzlich
Königsangriff erhält, dessen Abwehr eine Leichtfigur und die Partie kostet.}
2. d4 d5 3. exd5 cxd5 4. c4 Nf6 5. Nc3 {***ENDE BUCH***} Nc6 {***ENDE BUCH***}
6. cxd5 Nxd5 7. Nf3 e6 8. Bc4 Bb4 9. Bxd5 $2 {Strategisch betrachtet ein
schrecklicher Zug, der auch noch das starke Läuferpaar aufgibt.} (9. Qd3 Be7
10. O-O O-O 11. a3 Nxc3 12. bxc3 b6 13. h4 Bb7 14. Ng5 Bxg5 15. Bxg5 Qd6 16.
Ba2 e5 17. Qg3 h6 18. dxe5 Qxe5 19. Bf4 Qf6 20. Rad1 Rad8 21. Bc7 Rxd1 22. Rxd1
Qf5 23. Bb1 Qh5 24. Re1 f5 25. Ba2+ Kh7 26. Bd5 Rf6 27. f3 Bc8 28. Qf4 Bd7 29.
Ba2 Be8 30. Re6 Rxe6 31. Bxe6 Bg6 32. a4 Ne7 33. Qb4 Ng8 34. Qf8 Nf6 35. Be5
Qxh4 36. Bxf6 Qe1+ 37. Kh2 {1-0 (37) Lerner,K (2542)-Soffer,R (2475) Israel
2009}) 9... exd5 10. O-O O-O {Beide Zentrumsbauern sind schwach. Schwarz droht
lästig ...Lg4 mit Fesslung des Sf3, was Weiss mit 11.h3 am besten verhindert
hätte.} 11. Re1 $6 Bg4 $17 {Und schon steht Schwarz besser.} 12. Re3 Qa5 $6 {
Mit 12...Lh5 oder 12...La5 konnte Schwarz noch auf Vorteil hoffen.} 13. h3 Bxf3
$11 (13... Bh5 $15) 14. Rxf3 Rac8 15. Bf4 Rfe8 16. Qd3 Bxc3 17. bxc3 a6 18. Rg3
f6 {Die modernen Engines markieren diesen Vorstoss als Fehler und bevorzugen
18...Te6. Diese Fortsetzung ist sicher besser, aber die Ausnutzung des
Textzuges übersteigt die Möglichkeiten unserer Oldies bei weitem.} (18... Re6
$11) 19. Re3 {Nur mit 19.Tb1 konnte Weiss auf Gewinn spielen. Die Varianten
sind allerdings viel zu tief für den Super Constellation.} (19. Rb1 $1 b5 20.
a4 $1 Na7 (20... bxa4 21. Bh6 Rc7 22. Qf5 $18) 21. Bd6 Qd8 22. Bc5 Qd7 23. Qf3
bxa4 24. Bxa7 Qxa7 25. Qxd5+ Qf7 (25... Kh8 $4 26. Rb7 $18) 26. Qa5 Qd7 27. Rb4
Re1+ 28. Kh2 Rc1 29. Rb6 Qd8 30. Qxa6 R1xc3 31. Rxc3 Rxc3) 19... Kh8 $2 {
Gut und zum Ausgleich genügend war 19...Dd8} (19... Qd8 $1 $11) 20. Rae1 $6 {
Nach 20.Tab1 oder 20.Df5 wäre Weiss am Drücker geblieben.} Rxe3 21. Qxe3 {
jetzt De8+! und aus.} h6 $2 {Ein Fehler, auf den der Super Constellation
richtig agiert. Einmal mehr zeigt das SciSys-Gerät kein Gefühl für
Königssicherheit.} (21... Rg8 {leistet hartnäckigen Widerstand}) 22. Bxh6 $1
{Ein fast selbstverständliches (Schein-)Opfer, das nicht akzeptiert werden
darf.} Qxa2 $2 {Ein Riesenbock, der zum sofortigen Zusammenbruch hätte
führen sollen. Die beste Verteidigung bestand in ...Dc7 oder ...Dd8.} (22...
gxh6 {danach wird es Matt} 23. Qxh6+ Kg8 24. Qg6+ Kh8 25. Qxf6+ Kg8 26. Qg6+
Kh8 27. Qh6+ Kg8 28. Re6 Kf7 29. Qg6+ Kf8 30. Qf5+ Kg8 31. Rg6+ Kh7 32. Qh5#)
23. Qe6 {Schade, weil 23.Dg3 rasch gewinnt. Objektiv betrachtet steht Schwarz
aber auch nach dem Textzug auf Verlust.} (23. Qg3 gxh6 24. Qg6 Rf8 25. Qxh6+
Kg8 26. Qg6+ Kh8 27. Re3 Qd2 28. Qh6+ Kg8 29. Rg3+ Qg5 (29... Kf7 30. Rg7+ Ke6
31. Qxd2 $18) 30. Rxg5+ fxg5 31. Qxg5+) 23... Rd8 $6 {Besser wie auch
ungenügend ist 23...Tf8} (23... Rf8 24. Bf4 Qb3) 24. Bf4 {Hier ist 24.Df7
deutlich genauer und effektiver.} (24. Qf7 gxh6 25. Qxf6+ Kh7 26. Re6 Qb1+ 27.
Kh2 Kg8 28. Re3 Ne7 29. Qxe7) 24... Qb3 25. Bd2 $2 {Statt sofort zu gewinnen,
wirft Weiss mit dieser zaghaften Fortsetzung den Gewinn weg.} (25. Qf7 $18 {
entscheidet sofort}) 25... Qc2 $11 26. Qe2 {Schwarz sollte Dh5+ verhindern.} (
26. Re2 {scheint wilder zu sein.} Qd1+ 27. Be1 a5 28. Kh2 a4 29. Qg4) 26... Qf5
27. Bc1 Kg8 28. Qb2 Rb8 29. Qb6 Qd7 $1 30. Bd2 Rc8 31. Bf4 Nd8 32. Qb4 Nc6 33.
Qb3 b5 34. Bg3 {Weiss hat wenig geschickt operiert und so hätte Schwarz mit
34...Se7 nebst ...Sf5 gar in Vorteil kommen können.} b4 35. Bf4 Qf5 36. Bg3 a5
37. Qb2 bxc3 38. Qxc3 Nb4 39. Qb3 Rc2 40. Re8+ Kf7 (40... Kh7 $1 $11) 41. Rb8
Qe4 42. Kh2 Re2 $2 {Nach diesem Fehler kippt die Partie wieder.} (42... Kg6 $11
{und Schwarz muss sich keine Sorgen machen.}) 43. Bd6 $16 Qxd4 $2 {nur mit ...
Df5 war noch Widerstand möglich} (43... Qf5 {ist wohl besser.}) 44. Rb7+ {
Jetzt sieht es böse aus um Schwarz} Kg8 (44... Ke6 45. Qg3 $18) 45. Qg3 {
droht Matt auf g7} g5 46. Bxb4 {Beabsichtigt Db8+ und Matt, so dass die Abwehr
dieser Drohung den Springer kostet.} Qf4 47. Qxf4 gxf4 48. Bxa5 Rxf2 {Endspiel
KTL-KT} 49. Kg1 Rc2 50. Rd7 Ra2 51. Rxd5 {Der Rest bedarf keiner Kommentare
mehr, oder?} Kf7 52. Bc7 Ke6 53. Rd6+ Ke7 54. Rd3 Ra4 55. Rf3 Ra1+ 56. Rf1 Ra3
57. Rxf4 Kf7 58. Kf2 Kg6 59. g3 Ra2+ 60. Kf3 Rc2 61. Bb6 Rh2 62. h4 f5 63. Rc4
Rh1 64. g4 fxg4+ 65. Kxg4 Rh2 66. h5+ Kf6 (66... Rxh5 67. Rc6+ Kf7 68. Kxh5)
67. Rc6+ Kf7 68. h6 {Weiß setzt Matt.} Kg8 69. Kf5 Rh3 70. Bd8 Kh7 71. Rc7+ Kg8
72. Kg6 Rg3+ 73. Bg5 Rxg5+ 74. Kxg5 Kh8 75. Kg6 Kg8 76. Rc8# 1-0

[Event "SuperConstellation_Turbostar432KSO"]
[Site "?"]
[Date "2019.05.26"]
[Round "26"]
[White "Turbostar 432 KSO"]
[Black "Super Constellation"]
[Result "1/2-1/2"]
[WhiteElo "1807"]
[BlackElo "1819"]
[Annotator "Utzinger,K"]
[PlyCount "116"]
[EventDate "2019.??.??"]

1. e4 e6 {Match 120'/40 | 26. Partie | ECO C06: Französische Verteidigung 
(Tarrasch-Variante) | Remis | Zwischenstand: 15,5-10,5 (+10 -5 =11) für den
Super Constellation | Eine unspektakuläre Partie. Weiss verliert bald einmal
den Anzugsvorteil und räumt dem Gegner dank dessen Läuferpaar das leicht
bessere Spiel ein. Nach Abwicklung ins Endspiel kann der Super Constellation
unter Aufgabe des Läuferpaars am Königsflügel einen Bauern erobern.
Angesichts der ungleichfarbigen Läufer und den weissen Bauern, die alle durch
den schwarzen Läufer unangreifbar sind, müsste die Partie mit Remis enden.
Das tut sie auch, aber erst nach einem verpassten Intermezzo, das Schwarz den
Sieg hätte bringen können.} 2. d4 d5 3. Nd2 Nf6 4. e5 Nfd7 5. Bd3 c5 6. c3
Nc6 {***ENDE BUCH***} 7. Ne2 {***ENDE BUCH***} Be7 8. O-O cxd4 9. cxd4 O-O (
9... Qb6 10. Nf3 Nf8 11. Nc3 Ng6 12. Na4 Qd8 13. Be3 b6 14. Rc1 Bd7 15. Nc3 O-O
16. g3 f5 17. exf6 gxf6 18. Re1 Bd6 {1-0 (35) Brunner,L (2455)-Nueesch,G (2413)
Switzerland 2014}) 10. Nb3 $6 {Ungewöhnlich und fast systemwidrig, gehört
dieser Springer doch nach f3.} f5 $6 {Nicht das Gelbe vom Ei.} (10... a5 11.
Be3 a4 12. Nd2 a3 13. bxa3 Bxa3 14. Nb3 Nb4 15. Bb1 Nb6 16. Bd2 Nc4 17. Bc3 b6
18. f4 Ne3 19. Bxh7+ Kxh7 20. Qb1+ Nbc2 21. Rf3 g6 22. Be1 Kg7 23. Nbc1 Qc7 24.
Bf2 Nxa1 25. Rxe3 Qc2 26. Qxc2 Nxc2 27. Rc3 Nb4 28. Bh4 f5 29. exf6+ Rxf6 30.
Bxf6+ Kxf6 31. g4 Bd7 32. Rc7 Ke7 33. Nb3 Nxa2 34. Kf2 Bd6 35. Rb7 Nb4 36. Rxb6
Rb8 37. Rxb8 Bxb8 38. Ke3 Bb5 39. Nbc1 Ba7 40. h4 Nc2+ {0-1 (40) Damm,K (2241)
-Leimand,P (2074) Esbjerg 2004}) 11. Be3 ({Mit} 11. Nf4 $16 {erhält Weiss
Vorteil}) 11... Nb4 (11... Nb6 $1 $11) 12. a3 $6 {Wenn Weiss schon bereit ist,
das Läuferpaar aufzugeben, dann hätte er mit 12.Sf4 auf Vorteil spielen
können.} (12. Nf4 Nb6 13. Nc5 Bxc5 14. dxc5 Nxd3 15. Qxd3 Nc4 16. Bd4 $16)
12... Nxd3 13. Qxd3 $11 Nb6 14. Nd2 Bd7 15. Rfc1 Rc8 {Schwarz hatte gleich
zwei interessante Fortsetzungen, mit denen er versuchen konnte, die Initiative
zu übernehmen:} ({a)} 15... Qe8) ({b)} 15... g5) 16. f4 {Auch 16.Txc8 ist als
Alternative gut spielbar. Der Textzug macht zwar den Läufer e3 schlechter,
verhindert jedoch das raumgreifende Manöver g7-g5.} (16. Rxc8 Nxc8 17. Nf3 $14
) 16... Rc6 17. Rxc6 Bxc6 18. Rc1 Qd7 $15 {zielt auf ...Lb5 ab.} 19. Nc3 Rc8
20. Rc2 Qe8 (20... Nc4 $1 $17) 21. h3 Qh5 22. Qe2 (22. Nf3 $11) 22... Qxe2 23.
Nxe2 Bd7 24. Rxc8+ Bxc8 $11 {Das Spiel hat sich verflacht und langfristig hat
Schwarz seines Läuferpaars wegen die etwas besseren Chancen.} 25. Nc3 Bd7 26.
Kf2 Kf7 27. Ke2 Na4 28. Nxa4 Bxa4 {Endspiel KLL-KLS} 29. Kd3 $6 {Danach wird
der König auf ein ungünstigeres Feld gezwungen und erlaubt dem gegnerischen
Läufer nach e2 einzudringen.} (29. Nf3 $142) 29... Bb5+ 30. Kc2 Bh4 {Vergibt
die Chance auf deutlichen Vorteil, der mit 30...Le2 zu erzielen war.} (30...
Be2 $17) 31. Nf3 $15 Bg3 32. Ng5+ Ke7 {Und ...h6 würde nun gewinnen.} 33. Nxh7
Bf1 34. Ng5 Bxg2 35. Bd2 Kd7 36. Kd3 Bf2 37. Bc3 Bh4 38. Ke3 Bxg5 39. fxg5 Bxh3
$11 {Das schwarze Bauernplus hat angesichts der Bauernstruktur und der
ungleichfarbigen Läufer keine Bedeutung.} 40. Kf4 Kc7 41. Bb4 g6 42. Bc5 b6
43. Bd6+ Kc6 44. Bb8 Kb7 45. Bd6 Ka6 46. Bb8 Bg4 47. Ke3 Kb7 48. Bd6 Kc6 49.
Bb8 Kd7 50. Kf4 (50. Bxa7 $4 Kc7 {und der weisse Läufer geht verloren}) 50...
Kd8 51. Bd6 Bd1 52. Bb8 Kc8 53. Bd6 Kb7 54. Bb4 $2 {Ein Verlustzug, was aber
beide Programme unmöglich erkennen oder berechnen können. Richtig war es,
den weissen König zurück an den Damenflügel zu führen.} Kc7 (54... Ka6 55.
Ke3 Kb5 56. Kd2 Bb3 57. Kc3 Ka4 58. Kd2 Ba2 59. Kc2 Kb5 60. b3 a5 61. Bd2 a4
62. bxa4+ Kc4 63. Bc3 Bb3+ 64. Kd2 Bxa4) 55. Bd6+ $15 {Schwarz steht etwas
besser.} Kc6 56. Bb8 Kb7 57. Bd6 Ka6 58. Bb8 Bb3 1/2-1/2